LEADER 00944cam0-2200349---450- 001 990004012700403321 005 20110211135915.0 035 $a000401270 035 $aFED01000401270 035 $a(Aleph)000401270FED01 035 $a000401270 100 $a19990604d1915----km-y0itay50------ba 101 0 $aita 102 $aIT 105 $ay-------001yy 200 1 $aDella moneta$fFerdinando Galiani$ga cura di Fausto Nicolini 210 $aBari$cLaterza$d1915 215 $a383 p.$d23 cm 225 1 $aScrittori d'Italia$v73 610 0 $aMoneta$aTeorie 676 $a332.401$v20$zita 700 1$aGaliani,$bFerdinando$f<1728-1787>$067905 702 1$aNicolini,$bFausto 801 0$aIT$bUNINA$gRICA$2UNIMARC 901 $aBK 912 $a990004012700403321 952 $a332.4 GAL 1$bBibl.5721$fFLFBC 952 $aXV M 153$b4681$fFGBC 959 $aFLFBC 959 $aFGBC 996 $aDella moneta$988554 997 $aUNINA LEADER 00898nam a2200229 i 4500 001 991003973769707536 008 050621s1952 it 00 ita d 035 $ab14417650-39ule_inst 040 $aBibl. Dip.le Aggr. Scienze Economia - Sez. Settore Economico$bita 082 0 $a344.450171$222 100 1 $aLega, Carlo$0227483 245 13$aLa libera professione :$bart. 2229-2238 Cod. civ. /$cCarlo Lega 250 $a2. ed. riveduta e aumentata 260 $aMilano :$bGiuffrè,$c1952 300 $a435 p. ;$c25 cm 650 04$aProfessioni intellettuali$xLegislazione$zItalia 907 $a.b14417650$b06-09-21$c06-09-21 912 $a991003973769707536 945 $aLE025 ECO FONDO MALINCONICO 34$g1$i2025000269743$lle025$og$pE0.00$q-$rn$so $t0$u0$v0$w0$x0$y.i15973931$z06-09-21 996 $aLibera professione$947627 997 $aUNISALENTO 998 $ale025$b06-09-21$cm$da $e $fita$git $h3$i0